00992nam a2200253 i 450000100060000000300090000600500170001500700030003200800410003502000180007608000150009410000350010924501330014425000120027726000380028930000220032749000870034950400330043665000420046983000550051185200330056699900170059995201220061613721ES-MaACL20250727031511.0t|980610s1998 sp ||||1| spa d a84-922335-7-5 a316.7(460)1 aStallaert, Christiane.910786510aEtnogénesis y etnicidad en España b: una aproximación histórico-antropológica al casticismo / cChristiane Stallaert. a1ª ed. aBarcelona : bProyecto A, c1998. a190 p. ; c24 cm.1 aCuadernos A. Biblioteca universitaria. Actualidad ; v5. aTemas de antropología aBibliografía : p. 173-188.14aIdentidad cultural-zEspaña.91353700aCuadernos A.pTemas de antropologíav5. 9228451 aES-MaACLjL-21045 bR.126555 c13721d13721 00104070aATENEOMbATENEOMcDEPO2d2008-01-17eSCl0oL-21045p1013965r2023-02-23 00:00:00w2023-02-23yMONOGRAFIA